[Event "1FoglarVeterans_SIM"]
[Site "?"]
[Date "2005.??.??"]
[Round "?"]
[White "Kuta, Jiri"]
[Black "Woznica, Miroslaw"]
[Result "1-0"]
[WhiteElo "2313"]
[BlackElo "2273"]
[PlyCount "111"]
[EventDate "2005.??.??"]
[EventType "corr"]
[SourceDate "2005.05.10"]

1. d4 Nf6 2. c4 e6 3. Nf3 b6 4. a3 Bb7 5. Nc3 d5 6. cxd5 Nxd5 7. Qc2 Nxc3 8.
Qxc3 h6 9. e3 Nd7 10. Bb5 Bd6 11. Bc6 Bxc6 12. Qxc6 O-O 13. O-O e5 14. b4 Qe8
15. Bb2 exd4 16. Nxd4 Qe5 17. g3 Nc5 18. bxc5 bxc5 19. Rfb1 cxd4 20. Bxd4 Qf5
21. Rb5 Qd3 22. Rd5 Qe2 23. Rc1 a6 24. Kg2 Rae8 25. Qc3 Qg4 26. Qd3 Qe6 27. Ra5
Rb8 28. Qc4 Qg6 29. Qc6 Ra8 30. Bc5 Qf5 31. Bxd6 Qxa5 32. Bb4 Qf5 33. Bxf8 Rxf8
34. Rc4 Rb8 35. Qxc7 Rb3 36. a4 Ra3 37. Qd8+ Kh7 38. Qd6 Ra2 39. Rf4 Qe6 40.
Qxe6 fxe6 41. h4 g6 42. Re4 Kg7 43. Rxe6 Rxa4 44. Kf3 Ra2 45. e4 a5 46. Ra6 a4
47. e5 h5 48. Ra7+ Kf8 49. Ke3 a3 50. f3 Rg2 51. Kf4 a2 52. g4 Rf2 53. gxh5
gxh5 54. Ke4 Ke8 55. f4 Kd8 56. e6 1-0

[Event "1FoglarVeterans_SIM"]
[Site "?"]
[Date "2005.??.??"]
[Round "?"]
[White "Leemans, Robert"]
[Black "Buczinski, Henryk"]
[Result "1/2-1/2"]
[WhiteElo "2324"]
[BlackElo "2315"]
[PlyCount "71"]
[EventDate "2005.??.??"]
[EventType "corr"]
[SourceDate "2005.05.10"]

1. e4 c5 2. Nc3 Nc6 3. f4 d6 4. Nf3 g6 5. Bc4 Bg7 6. O-O e6 7. d3 Nge7 8. Qe1
O-O 9. f5 d5 10. Bb3 dxe4 11. dxe4 exf5 12. Qh4 fxe4 13. Ng5 h6 14. Bxf7+ Kh8
15. Ngxe4 Bf5 16. Bxh6 Rxf7 17. Rad1 Bd4+ 18. Rxd4 Nxd4 19. Bf4+ Kg8 20. Be5
Rg7 21. Qh6 Ne6 22. Rd1 Qf8 23. Nf6+ Kf7 24. Nb5 Rd8 25. Rd7 Ng5 26. Nd6+ Ke6
27. Nxb7 Nc6 28. Nxd8+ Nxd8 29. Nh7 Rxh7 30. Qxf8 Rxd7 31. Qf6+ Kd5 32. c4+ Ke4
33. Bb8 Ndf7 34. h3 Ne6 35. b3 Ke3 36. Qc3+ 1/2-1/2

[Event "1FoglarVeterans_SIM"]
[Site "?"]
[Date "2005.??.??"]
[Round "?"]
[White "Buczinski, Henryk"]
[Black "Kuta, Jiri"]
[Result "1/2-1/2"]
[WhiteElo "2315"]
[BlackElo "2313"]
[PlyCount "92"]
[EventDate "2005.??.??"]
[EventType "corr"]
[SourceDate "2005.05.10"]

1. c4 c5 2. g3 g6 3. Bg2 Bg7 4. Nf3 e5 5. d3 Nc6 6. Nc3 Nge7 7. O-O d6 8. Bd2
O-O 9. a3 a5 10. Rb1 Rb8 11. Qc1 b6 12. Bh6 f6 13. Bxg7 Kxg7 14. Ne1 Be6 15.
Nc2 d5 16. cxd5 Nxd5 17. Qd2 Qd7 18. Rfc1 Nde7 19. b4 cxb4 20. axb4 Bh3 21.
Bxh3 Qxh3 22. Ne4 Rfd8 23. Qc3 axb4 24. Nxb4 Nd4 25. Qd2 Rd7 26. Nc2 Nec6 27.
Ne1 Na5 28. Qa2 Ra8 29. Qb2 Nab3 30. e3 Nxc1 31. exd4 Nxd3 32. Nxd3 Qf5 33. Re1
exd4 34. Qxb6 Re8 35. Ndc5 Rde7 36. Kg2 g5 37. f3 Qg6 38. Rd1 g4 39. Rxd4 f5
40. Qxg6+ hxg6 41. Nf2 gxf3+ 42. Kxf3 g5 43. Rd5 Re5 44. Rxe5 Rxe5 45. Nfd3 Re8
46. Kg2 Kf6 1/2-1/2

[Event "1FoglarVeterans_SIM"]
[Site "?"]
[Date "2005.??.??"]
[Round "?"]
[White "Berecz, Garvil"]
[Black "Schwarz, Jan"]
[Result "0-1"]
[WhiteElo "2307"]
[BlackElo "2260"]
[PlyCount "86"]
[EventDate "2005.??.??"]
[EventType "corr"]
[SourceDate "2005.05.10"]

1. d4 Nf6 2. c4 e6 3. Nc3 Bb4 4. Qc2 O-O 5. a3 Bxc3+ 6. Qxc3 d6 7. Bg5 Nbd7 8.
e3 b6 9. Bd3 Bb7 10. Ne2 Bxg2 11. Rg1 Bb7 12. Qc2 Kh8 13. Bxh7 g6 14. Bxg6 fxg6
15. Qxg6 Qe7 16. Nf4 Qh7 17. Qxh7+ Kxh7 18. Nxe6 Rg8 19. b3 Nf8 20. Nf4 Ne4 21.
h4 Ng6 22. Nxg6 Nxg5 23. hxg5 Kxg6 24. d5 Rh8 25. f4 Rae8 26. Kd2 Rh2+ 27. Kd3
Rh3 28. Rae1 Bc8 29. Re2 Bf5+ 30. Kd2 Be4 31. Rf2 a6 32. Rc1 c6 33. dxc6 Bxc6
34. Rc3 Be4 35. a4 Kf5 36. Kc1 Reh8 37. Kb2 a5 38. Re2 Rh2 39. Rxh2 Rxh2+ 40.
Ka3 Rh1 41. Kb2 Rb1+ 42. Ka2 Kg4 43. Ka3 Kf3 0-1

[Event "1FoglarVeterans_SIM"]
[Site "?"]
[Date "2005.??.??"]
[Round "?"]
[White "Vasile, Constantin"]
[Black "Kuta, Jiri"]
[Result "1/2-1/2"]
[WhiteElo "2342"]
[BlackElo "2313"]
[PlyCount "136"]
[EventDate "2005.??.??"]
[EventType "corr"]
[SourceDate "2005.05.10"]

1. d4 Nf6 2. c4 g6 3. Nc3 Bg7 4. e4 d6 5. Be2 O-O 6. Bg5 Na6 7. Nf3 Qe8 8. O-O
e5 9. Bxf6 Bxf6 10. c5 Nb4 11. cxd6 cxd6 12. dxe5 Bxe5 13. Nxe5 dxe5 14. Bb5
Qe7 15. a3 Nc6 16. Nd5 Qd6 17. Bxc6 bxc6 18. Nb4 Qc7 19. Qc2 Bb7 20. Rfd1 Rad8
21. Nd3 Rd4 22. Nc5 Rfd8 23. Rxd4 Rxd4 24. b4 Bc8 25. Nb3 Rd6 26. h3 f6 27. Rc1
Ba6 28. Nc5 Bc8 29. Qc3 Qf7 30. Qc2 Kg7 31. Rd1 Qe7 32. Rxd6 Qxd6 33. Qa4 a5
34. Qxa5 Qd1+ 35. Kh2 Qd2 36. Qa7+ Kg8 37. Nb3 Qf4+ 38. g3 Qxe4 39. Qe3 Qd5 40.
Nc5 Kf7 41. Qe4 Qa2 42. Kg2 Be6 43. Nxe6 Qxe6 44. a4 Ke8 45. Qd3 Ke7 46. a5 Qc8
47. a6 Qa8 48. Qc4 Kd6 49. Qc5+ Kc7 50. a7 Kb7 51. Qe7+ Kb6 52. Qxf6 Qxa7 53.
Qxe5 Qd7 54. g4 Qd3 55. Qc5+ Kb7 56. h4 Qe4+ 57. Kg3 Qd3+ 58. Qe3 Qd6+ 59. Qf4
Qd3+ 60. f3 Qc3 61. Qe4 Kb6 62. h5 gxh5 63. gxh5 Kb5 64. h6 Qxb4 65. Qd3+ Kc5
66. Qf5+ Kb6 67. Qxh7 Qe1+ 68. Kg4 Qg1+ 1/2-1/2

[Event "1FoglarVeterans_SIM"]
[Site "?"]
[Date "2005.??.??"]
[Round "?"]
[White "Brousek, Jiri"]
[Black "Kuta, Jiri"]
[Result "1/2-1/2"]
[WhiteElo "2407"]
[BlackElo "2313"]
[PlyCount "122"]
[EventDate "2005.??.??"]
[EventType "corr"]
[SourceDate "2005.05.10"]

1. d4 Nf6 2. Nf3 g6 3. Nc3 d5 4. Bf4 Bg7 5. e3 Bg4 6. h3 Bxf3 7. Qxf3 c6 8.
O-O-O b5 9. g4 b4 10. Ne2 a5 11. g5 Nh5 12. h4 a4 13. Bh2 Nd7 14. e4 Nb6 15. e5
b3 16. cxb3 axb3 17. Qxb3 Nc4 18. Ng1 Na5 19. Qc3 Qb6 20. Nf3 O-O 21. b4 Nc4
22. Bxc4 dxc4 23. a3 Qa6 24. Kb2 e6 25. Nd2 Rfb8 26. Nxc4 Bf8 27. Nd6 Ng7 28.
Rd3 Rxb4+ 29. axb4 Qa2+ 30. Kc1 Qa1+ 31. Qxa1 Rxa1+ 32. Kc2 Rxh1 33. Bg3 Nf5
34. Nxf5 gxf5 35. Rc3 Bxb4 36. Rxc6 Be1 37. d5 exd5 38. Rf6 Bb4 39. Rxf5 Bc5
40. Rf3 Ra1 41. Kd2 Kg7 42. Rb3 Ra2+ 43. Ke1 Kg6 44. Rb5 Ra5 45. Rb8 d4 46. Rb7
Ra2 47. Rd7 Ra7 48. Rd5 Ra5 49. Ke2 Kf5 50. e6+ Kxe6 51. Re5+ Kd7 52. Kd3 Kc6
53. Ke4 Ra3 54. Rd5 d3 55. Rxd3 Rxd3 56. Kxd3 Kd5 57. f4 Ke6 58. Ke4 f5+ 59.
Kf3 h5 60. gxh6 Kf7 61. h5 Be7 1/2-1/2

[Event "1FoglarVeterans_SIM"]
[Site "?"]
[Date "2005.??.??"]
[Round "?"]
[White "Vasile, Constantin"]
[Black "Wieringen, Cor A."]
[Result "1/2-1/2"]
[WhiteElo "2342"]
[BlackElo "2304"]
[PlyCount "106"]
[EventDate "2005.??.??"]
[EventType "corr"]
[SourceDate "2005.05.10"]

1. d4 f5 2. c4 Nf6 3. Nf3 g6 4. g3 Bg7 5. Bg2 O-O 6. O-O d6 7. Nc3 Qe8 8. d5
Na6 9. Be3 c6 10. Rc1 Ng4 11. Bf4 h6 12. h3 e5 13. dxe6 Ne5 14. h4 Bxe6 15. b3
Qe7 16. Qd2 Kh7 17. Rfd1 Rfd8 18. Nd4 Bc8 19. Qc2 Qf6 20. Bh3 Rf8 21. Nf3 Nc5
22. h5 g5 23. Be3 Ne6 24. Nh2 Kh8 25. Rxd6 Qe7 26. Rcd1 Nf7 27. R6d3 Ne5 28.
Rd6 Nf7 29. R6d2 f4 30. Bxe6 fxe3 31. Bxc8 exd2 32. Bh3 Ne5 33. Ne4 Rad8 34. g4
Qf7 35. Bg2 Qe6 36. f3 Nf7 37. c5 Rd5 38. Nf1 Rfd8 39. Rxd2 Qe5 40. e3 Qa1 41.
Kf2 Bf8 42. f4 Bg7 43. Bf3 Rxd2+ 44. Nexd2 gxf4 45. exf4 Re8 46. Kg2 Qf6 47.
Kg3 Qa1 48. Qd3 Qe1+ 49. Kg2 Rd8 50. Qe2 Re8 51. Qd3 Rd8 52. Qe2 Re8 53. Qd3
Rd8 1/2-1/2

[Event "1FoglarVeterans_SIM"]
[Site "?"]
[Date "2005.??.??"]
[Round "?"]
[White "Glaser, Karel"]
[Black "Buczinski, Henryk"]
[Result "1/2-1/2"]
[WhiteElo "2310"]
[BlackElo "2315"]
[PlyCount "118"]
[EventDate "2005.??.??"]
[EventType "corr"]
[SourceDate "2005.05.10"]

1. e4 c5 2. Nf3 Nc6 3. d4 cxd4 4. Nxd4 e6 5. Nc3 d6 6. Be3 Nf6 7. Be2 Bd7 8. f4
a6 9. O-O Be7 10. Qe1 O-O 11. Kh1 Qc7 12. Rd1 b5 13. a3 Nxd4 14. Bxd4 Bc6 15.
Qg3 Rad8 16. Rfe1 Ne8 17. Bd3 Bf6 18. e5 dxe5 19. Bxe5 Qe7 20. Qe3 Qb7 21. Rd2
Be7 22. Ne4 f5 23. Nc5 Bxc5 24. Qxc5 Nf6 25. Qg1 Rd7 26. Bxf6 Rxf6 27. Qe3 Rh6
28. Kg1 Rg6 29. Ree2 Qc8 30. c3 Bb7 31. Rf2 Bd5 32. Be2 Rf6 33. Bf3 Bxf3 34.
Qxf3 Rff7 35. h3 Rfe7 36. Kh2 Kf8 37. Rde2 Rd5 38. Qh5 Kg8 39. Re3 Rc7 40. Rfe2
Rc6 41. Qf3 Qd7 42. Qf2 Rcd6 43. Qe1 Rd1 44. Qg3 Rf1 45. Rf2 Rfd1 46. Qf3 R1d5
47. Rc2 Rc6 48. Qf2 h6 49. Rce2 Kh7 50. Qg3 Rcd6 51. Qf3 Rd2 52. Qf2 Rd1 53.
Re5 Qc6 54. Qe3 R1d3 55. Qg1 Rd2 56. Qe1 Rd1 57. Qf2 Qd7 58. Qe3 Qc7 59. Qf3
R1d3 1/2-1/2

[Event "1FoglarVeterans_SIM"]
[Site "?"]
[Date "2005.??.??"]
[Round "?"]
[White "Leemans, Robert"]
[Black "Wieringen, Cor A."]
[Result "1/2-1/2"]
[WhiteElo "2324"]
[BlackElo "2304"]
[PlyCount "57"]
[EventDate "2005.??.??"]
[EventType "corr"]
[SourceDate "2005.05.10"]

1. e4 e5 2. Nf3 Nc6 3. Bb5 a6 4. Ba4 Nf6 5. d3 d6 6. c3 g6 7. Bg5 Bd7 8. h3 Bg7
9. O-O h6 10. Be3 g5 11. Nbd2 g4 12. hxg4 Nxg4 13. d4 Rg8 14. Bxc6 Bxc6 15. Qb3
Qc8 16. Nh4 Bf6 17. Nf5 d5 18. exd5 Bb5 19. Qc2 Bxf1 20. Rxf1 Qd7 21. Ne4 O-O-O
22. c4 Be7 23. dxe5 Kb8 24. Neg3 Nxe5 25. c5 Bf8 26. Rd1 h5 27. Rd4 Qc8 28. c6
h4 29. Nxh4 1/2-1/2

[Event "1FoglarVeterans_SIM"]
[Site "?"]
[Date "2005.??.??"]
[Round "?"]
[White "Glaser, Karel"]
[Black "Wieringen, Cor A."]
[Result "0-1"]
[WhiteElo "2310"]
[BlackElo "2304"]
[PlyCount "80"]
[EventDate "2005.??.??"]
[EventType "corr"]
[SourceDate "2005.05.10"]

1. e4 e5 2. Nf3 Nc6 3. Bb5 a6 4. Ba4 Nf6 5. O-O Nxe4 6. d4 b5 7. Bb3 d5 8. dxe5
Be6 9. c3 Bc5 10. Qd3 O-O 11. Nbd2 f5 12. exf6 Nxf6 13. Ng5 Ne5 14. Qg3 Qd6 15.
Bc2 Bd7 16. Nb3 Bb6 17. Nd4 Rae8 18. Bf4 Nh5 19. Bxe5 Rxe5 20. Bxh7+ Kh8 21.
Qh4 Qh6 22. Ndf3 Rxg5 23. Qxg5 Kxh7 24. Qxh6+ Kxh6 25. Ne5 Bc8 26. Rad1 Nf6 27.
h3 Ne4 28. Nf3 Bxh3 29. Rxd5 Bg4 30. Nd4 Re8 31. Re1 Nxc3 32. Rxe8 Nxd5 33. Nc6
Nf6 34. Re1 Bd7 35. Ne5 Be6 36. b3 a5 37. Nc6 Bf7 38. Ne5 Bg8 39. Kf1 a4 40.
bxa4 bxa4 0-1

[Event "1FoglarVeterans_SIM"]
[Site "?"]
[Date "2005.??.??"]
[Round "?"]
[White "Vasile, Constantin"]
[Black "Berecz, Garvil"]
[Result "1/2-1/2"]
[WhiteElo "2342"]
[BlackElo "2307"]
[PlyCount "114"]
[EventDate "2005.??.??"]
[EventType "corr"]
[SourceDate "2005.05.10"]

1. d4 Nf6 2. c4 e6 3. Nf3 b6 4. Nc3 Bb7 5. a3 d5 6. Bg5 Be7 7. cxd5 Nxd5 8.
Bxe7 Qxe7 9. Nxd5 Bxd5 10. Qc2 O-O 11. e4 Bb7 12. Bd3 c5 13. dxc5 Rc8 14. Qd2
Na6 15. b4 bxc5 16. b5 Nb8 17. O-O c4 18. Bc2 Nd7 19. Rfd1 Nf6 20. e5 Nd5 21.
Ng5 c3 22. Qc1 h6 23. Ne4 Qh4 24. Nd6 Rc7 25. Be4 Rb8 26. g3 Qg4 27. Qc2 Ba8
28. Rd4 Qh5 29. Re1 Nb6 30. Bh7+ Kh8 31. Rh4 Qg5 32. a4 Qd2 33. Rd1 Qxc2 34.
Bxc2 Kg8 35. Rd3 Rc5 36. Re3 a6 37. bxa6 Nd5 38. Re2 Ra5 39. Bd3 Rxa6 40. Bb5
Bc6 41. Rc4 Bxb5 42. Nxb5 g5 43. Rc2 Rba8 44. Nxc3 Nxc3 45. R2xc3 Rxa4 46. Rc7
Ra3 47. Kg2 Rxc3 48. Rxc3 Ra4 49. h3 h5 50. Kf3 Kg7 51. Rb3 Kg6 52. g4 Rf4+ 53.
Kg3 h4+ 54. Kg2 Re4 55. Rb5 Re1 56. Rc5 Rd1 57. Rc3 Rd5 1/2-1/2

[Event "1FoglarVeterans_SIM"]
[Site "?"]
[Date "2005.??.??"]
[Round "?"]
[White "Wieringen, Cor A."]
[Black "Berecz, Garvil"]
[Result "1-0"]
[WhiteElo "2304"]
[BlackElo "2307"]
[PlyCount "85"]
[EventDate "2005.??.??"]
[EventType "corr"]
[SourceDate "2005.05.10"]

1. Nc3 d5 2. e3 Nf6 3. f4 Bf5 4. Nf3 e6 5. b3 a6 6. Bd3 Bxd3 7. cxd3 c5 8. O-O
Nc6 9. Bb2 Bd6 10. Rc1 Rc8 11. Ba3 O-O 12. Na4 b6 13. Qe2 b5 14. Nxc5 Qa5 15.
Bb2 Bxc5 16. Bxf6 Ba3 17. Ne5 Nxe5 18. Rxc8 Rxc8 19. Bxe5 Rc2 20. Qg4 Bf8 21.
Bc3 b4 22. Bd4 Qc7 23. Qd1 Rb2 24. Qc1 Rc2 25. Qd1 a5 26. Bc3 Rxa2 27. Qb1 Ra3
28. Bd4 a4 29. bxa4 Rxa4 30. Rc1 Qb7 31. Qb3 Ra3 32. Qc2 b3 33. Qc3 Ra4 34. Rb1
Rb4 35. Qc1 Bd6 36. Qd1 Bf8 37. Qc1 Qa6 38. Ra1 Ra4 39. Rxa4 Qxa4 40. Bb2 Qb5
41. Qc3 h5 42. g3 Bc5 43. Qxg7# 1-0

[Event "1FoglarVeterans_SIM"]
[Site "?"]
[Date "2005.??.??"]
[Round "?"]
[White "Brousek, Jiri"]
[Black "Leemans, Robert"]
[Result "1/2-1/2"]
[WhiteElo "2407"]
[BlackElo "2324"]
[PlyCount "149"]
[EventDate "2005.??.??"]
[EventType "corr"]
[SourceDate "2005.05.10"]

1. d4 Nf6 2. Nf3 g6 3. Nc3 d6 4. e4 Bg7 5. Be3 O-O 6. Qd2 a6 7. Bh6 b5 8. Bd3
Nc6 9. Nd5 Nxd5 10. Bxg7 Kxg7 11. exd5 Nb8 12. h4 h5 13. Ng5 c6 14. Be4 Ra7 15.
O-O cxd5 16. Bxd5 Bf5 17. Rfe1 Qb6 18. c3 e6 19. Be4 Bxe4 20. Rxe4 d5 21. Re2
b4 22. Rae1 Re7 23. Nh3 bxc3 24. bxc3 Qd6 25. Qg5 f6 26. Qe3 Nc6 27. Rd1 e5 28.
dxe5 fxe5 29. Ng5 Rf4 30. g3 Rf8 31. Qb6 Rd8 32. Red2 d4 33. Re1 a5 34. cxd4
Nxd4 35. Qxa5 Rdd7 36. Rc1 Ra7 37. Qc5 Qxc5 38. Rxc5 Ra4 39. Rd5 Nf5 40. Rd7
Rxd7 41. Rxd7+ Kf8 42. Nh7+ Kg8 43. Nf6+ Kf8 44. Rd2 Ke7 45. Nd5+ Ke6 46. Nc7+
Ke7 47. Kg2 Rg4 48. Kf1 Rc4 49. Nd5+ Ke6 50. a3 Nd4 51. Ne3 Rc3 52. Ra2 e4 53.
Kg2 Rc1 54. Rd2 Nf3 55. Rd1 Rc6 56. Rb1 Ra6 57. Rb4 Ke5 58. Nc4+ Kd5 59. Nb6+
Kd6 60. Rxe4 Nxh4+ 61. gxh4 Rxb6 62. a4 Ra6 63. Kf3 Kd5 64. Ke3 Kd6 65. f3 Kd5
66. Kf4 Rf6+ 67. Kg3 Ra6 68. Rb4 Ke6 69. Kf2 Kd6 70. f4 Ke6 71. Ke3 Kf5 72. Kf3
Ke6 73. Ke4 Ra8 74. Rc4 Ra5 75. Rb4 1/2-1/2

[Event "1FoglarVeterans_SIM"]
[Site "?"]
[Date "2005.??.??"]
[Round "?"]
[White "Brousek, Jiri"]
[Black "Wieringen, Cor A."]
[Result "1-0"]
[WhiteElo "2407"]
[BlackElo "2304"]
[PlyCount "101"]
[EventDate "2005.??.??"]
[EventType "corr"]
[SourceDate "2005.05.10"]

1. d4 f5 2. Nf3 Nf6 3. g3 g6 4. Bg2 Bg7 5. O-O O-O 6. c4 d6 7. Nc3 Qe8 8. b3
Nc6 9. Bb2 e5 10. dxe5 dxe5 11. Nd5 Rf7 12. Ng5 Rd7 13. Qb1 h6 14. Nxf6+ Bxf6
15. Bd5+ Kh8 16. Bxc6 bxc6 17. Nf3 Kh7 18. Qc2 Rf7 19. Rad1 Bg7 20. Rfe1 f4 21.
Nh4 Qe6 22. Qe4 Bd7 23. Rd3 Qg4 24. f3 Qg5 25. Kg2 Rd8 26. Red1 Bf6 27. Bc3 Qh5
28. c5 Rg7 29. b4 Qg5 30. R3d2 Rf7 31. a3 Qh5 32. Qc4 Kg7 33. a4 Re7 34. Qe4
Kh7 35. Qxg6+ Qxg6 36. Nxg6 Kxg6 37. b5 cxb5 38. axb5 fxg3 39. hxg3 Bg5 40. Rd5
Bxb5 41. Rxd8 Rf7 42. Kf2 Bxd8 43. Rxd8 e4 44. f4 a6 45. Ke3 h5 46. Rg8+ Kh6
47. Rg5 Re7 48. Rf5 Rd7 49. Rf6+ Kh7 50. Rf8 Kg6 51. Kxe4 1-0

[Event "1FoglarVeterans_SIM"]
[Site "?"]
[Date "2005.??.??"]
[Round "?"]
[White "Berecz, Garvil"]
[Black "Buczinski, Henryk"]
[Result "1/2-1/2"]
[WhiteElo "2307"]
[BlackElo "2315"]
[PlyCount "140"]
[EventDate "2005.??.??"]
[EventType "corr"]
[SourceDate "2005.05.10"]

1. d4 Nf6 2. c4 e6 3. Nf3 c5 4. d5 exd5 5. cxd5 d6 6. e4 a6 7. Be2 Be7 8. Nfd2
O-O 9. a4 Ne8 10. O-O f5 11. Nc3 fxe4 12. Ncxe4 Bf5 13. Bg4 Nd7 14. Bxf5 Rxf5
15. Nc4 Rf7 16. Qb3 Rb8 17. Qg3 Nb6 18. Ng5 Bxg5 19. Bxg5 Qc7 20. Nxb6 Qxb6 21.
b3 Nf6 22. Rfe1 Nxd5 23. Rad1 Qc6 24. Re6 Rd7 25. Qd3 Nc7 26. Rxd6 Rxd6 27.
Qxd6 Qxd6 28. Rxd6 b5 29. Kf1 c4 30. bxc4 bxa4 31. Bf4 Ne8 32. Rc6 Rb2 33. Ke1
Kf7 34. Rxa6 Rb4 35. Rc6 a3 36. Ra6 Rxc4 37. Bd2 Nc7 38. Rxa3 Nb5 39. Ra6 Nd4
40. Be3 Rb4 41. h3 h5 42. Kd2 Nf5 43. Ra5 Ke6 44. Ke2 g6 45. Bc5 Rb3 46. Ra6+
Kf7 47. g4 hxg4 48. hxg4 Nh4 49. Ra3 Rb8 50. Ra4 Re8+ 51. Be3 Ng2 52. Kf3 Ne1+
53. Kg3 Rc8 54. Ra7+ Ke8 55. Rg7 Rc6 56. f4 Re6 57. Bd2 Nc2 58. Kf2 Nd4 59. Be3
Nc2 60. Bc5 Ne1 61. Ba7 Nd3+ 62. Kg3 Rc6 63. Rb7 Rc3 64. Be3 Nc5 65. Rb8+ Ke7
66. Kf3 Nd7 67. Rb7 Kd6 68. g5 Nf8 69. Ke4 Rc4+ 70. Kd3 Ra4 1/2-1/2

[Event "1FoglarVeterans_SIM"]
[Site "?"]
[Date "2005.??.??"]
[Round "?"]
[White "Baumgartner, Ulrich"]
[Black "Vasile, Constantin"]
[Result "0-1"]
[WhiteElo "2291"]
[BlackElo "2342"]
[PlyCount "130"]
[EventDate "2005.??.??"]
[EventType "corr"]
[SourceDate "2005.05.10"]

1. d4 Nf6 2. c4 g6 3. Nc3 Bg7 4. e4 d6 5. f3 O-O 6. Be3 Nc6 7. Qd2 a6 8. Nge2
Rb8 9. h4 h5 10. Bh6 e5 11. Bxg7 Kxg7 12. d5 Ne7 13. Ng3 c6 14. dxc6 Nxc6 15.
O-O-O Be6 16. Kb1 Ne8 17. Nd5 b5 18. Ne3 Rh8 19. Rc1 b4 20. Nd5 b3 21. a3 a5
22. f4 exf4 23. Nxf4 Bg4 24. Be2 Bxe2 25. Ngxe2 Nf6 26. Nd4 Nxd4 27. Qxd4 Re8
28. Rhe1 Kg8 29. Re2 Qe7 30. Qd3 a4 31. Rce1 Nd7 32. Qh3 Nb6 33. g4 Qe5 34. Qf3
hxg4 35. Qxg4 Nxc4 36. h5 g5 37. Nd3 Qg7 38. Qf5 Rbc8 39. Rg1 Kf8 40. Qd5 g4
41. Rf2 Rc7 42. Rfg2 Rec8 43. Ka1 Ne5 44. Qxd6+ Ke8 45. h6 Qh8 46. Kb1 Nxd3 47.
Qxd3 Qxh6 48. Qb5+ Ke7 49. Qb4+ Rc5 50. Rd2 Qa6 51. Rdd1 Qc4 52. Qe1 g3 53. Ka1
Qc2 54. Qb4 Ke6 55. Rb1 g2 56. Qb6+ Ke7 57. Qh6 Qf2 58. Qh2 Rg5 59. Qh3 Qf6 60.
Qh4 Rc4 61. Rbd1 Rgc5 62. Qg4 Qg5 63. Qd7+ Kf8 64. Kb1 Kg7 65. Qd3 Rc2 0-1

[Event "1FoglarVeterans_SIM"]
[Site "?"]
[Date "2005.??.??"]
[Round "?"]
[White "Woznica, Miroslaw"]
[Black "Baumgartner, Ulrich"]
[Result "1-0"]
[WhiteElo "2273"]
[BlackElo "2291"]
[PlyCount "81"]
[EventDate "2005.??.??"]
[EventType "corr"]
[SourceDate "2005.05.10"]

1. e4 c6 2. d4 d5 3. Nd2 dxe4 4. Nxe4 Nf6 5. Nxf6+ gxf6 6. c3 Bf5 7. Nf3 Nd7 8.
Bf4 Qb6 9. Bd3 Bg6 10. Qe2 e6 11. O-O Be7 12. a4 Bxd3 13. Qxd3 Nf8 14. a5 Qd8
15. Bh6 Ng6 16. Rfd1 Qd5 17. c4 Qh5 18. Be3 Rg8 19. Qb3 O-O-O 20. a6 b6 21. d5
exd5 22. Qa4 Rd6 23. cxd5 Ne5 24. Nxe5 fxe5 25. g3 Rg4 26. Qc2 Rb4 27. b3 f6
28. Rd3 Qf5 29. Rad1 Kc7 30. dxc6 Qe4 31. R1d2 h6 32. f3 Qf5 33. Bc5 Rxd3 34.
Bxb4 Bxb4 35. Qxd3 Qxd3 36. Rxd3 Bc5+ 37. Kg2 Kxc6 38. Rd8 Kb5 39. Rh8 Be3 40.
Rf8 Kxa6 41. Rxf6 1-0

[Event "1FoglarVeterans_SIM"]
[Site "?"]
[Date "2005.??.??"]
[Round "?"]
[White "Baumgartner, Ulrich"]
[Black "Buczinski, Henryk"]
[Result "1/2-1/2"]
[WhiteElo "2291"]
[BlackElo "2315"]
[PlyCount "130"]
[EventDate "2005.??.??"]
[EventType "corr"]
[SourceDate "2005.05.10"]

1. d4 Nf6 2. c4 Nc6 3. Nf3 e6 4. g3 d5 5. Bg2 dxc4 6. Qa4 Bb4+ 7. Bd2 Nd5 8.
Bxb4 Ndxb4 9. O-O Rb8 10. Nc3 a6 11. Ne5 O-O 12. Nxc6 Nxc6 13. Bxc6 bxc6 14.
Qxc4 Rxb2 15. Rab1 Rb6 16. Qc5 h6 17. e3 Bd7 18. a4 Re8 19. a5 Rxb1 20. Rxb1 e5
21. dxe5 Bg4 22. Qxc6 Rxe5 23. Qc4 Qc8 24. Ra1 Bf3 25. Ne2 Bb7 26. Nc3 Qh3 27.
Qf1 Qh5 28. Rb1 Qf3 29. e4 Qxc3 30. Rxb7 Rxa5 31. Qe2 Qc6 32. Rb2 Ra4 33. Rc2
Qb7 34. Rb2 Qxe4 35. Qxe4 Rxe4 36. Rc2 Re8 37. Rxc7 Ra8 38. Rc4 a5 39. Ra4 f5
40. f4 Kf7 41. Kf2 Ke6 42. Ke3 Kd5 43. Kd3 g6 44. Kc3 Kc5 45. Kb3 Rb8+ 46. Kc3
Kb5 47. Rd4 Rb6 48. Rd2 Rc6+ 49. Kb3 a4+ 50. Ka3 Rc3+ 51. Kb2 Rb3+ 52. Ka2 Rf3
53. Rd6 g5 54. Rxh6 gxf4 55. gxf4 Rxf4 56. h4 Kc4 57. Ra6 Kd3 58. h5 Rh4 59. h6
f4 60. Rxa4 Rh2+ 61. Kb3 f3 62. Rf4 Ke2 63. Rf6 f2 64. Re6+ Kf3 65. Rf6+ Kg2
1/2-1/2

[Event "1FoglarVeterans_SIM"]
[Site "?"]
[Date "2005.??.??"]
[Round "?"]
[White "Berecz, Garvil"]
[Black "Baumgartner, Ulrich"]
[Result "1-0"]
[WhiteElo "2307"]
[BlackElo "2291"]
[PlyCount "107"]
[EventDate "2005.??.??"]
[EventType "corr"]
[SourceDate "2005.05.10"]

1. e4 c6 2. d4 d5 3. Nc3 dxe4 4. Nxe4 Nf6 5. Bd3 Qxd4 6. Nf3 Qd8 7. Qe2 Nxe4 8.
Bxe4 Bf5 9. O-O Bxe4 10. Qxe4 e6 11. Bg5 Be7 12. Rad1 Qc7 13. Bf4 Qa5 14. Be5
O-O 15. Qg4 g6 16. Qf4 f6 17. Bc3 Qb6 18. Rfe1 c5 19. a4 Qc6 20. Qg4 e5 21.
Qc4+ Rf7 22. Bxe5 Qa6 23. Qa2 c4 24. Bc3 Nc6 25. Re4 b5 26. Ra1 f5 27. Re6 b4
28. Bd2 Rf6 29. Rae1 Rxe6 30. Rxe6 Rd8 31. Qa1 Rd7 32. Qf1 Kg7 33. h3 Rd6 34.
Qe2 Rxe6 35. Qxe6 Qb7 36. c3 a5 37. Qxc4 Qd7 38. cxb4 axb4 39. Qb5 Qc7 40. a5
Nxa5 41. Nd4 Kf7 42. Qd5+ Ke8 43. Qg8+ Kd7 44. Qxh7 Qd6 45. Bg5 Nc4 46. Nf3
Qd1+ 47. Kh2 Qd6+ 48. g3 Qc5 49. Kg2 Nxb2 50. Bxe7 Qxe7 51. Qxg6 f4 52. Qc2 Qf6
53. g4 Qc3 54. Qf5+ 1-0

[Event "1FoglarVeterans_SIM"]
[Site "?"]
[Date "2005.??.??"]
[Round "?"]
[White "Buchaillot, Luis Mario"]
[Black "Berecz, Garvil"]
[Result "1/2-1/2"]
[WhiteElo "2209"]
[BlackElo "2307"]
[PlyCount "107"]
[EventDate "2005.??.??"]
[EventType "corr"]
[SourceDate "2005.05.10"]

1. c4 e5 2. Nc3 Nf6 3. Nf3 Nc6 4. d4 exd4 5. Nxd4 Bb4 6. Nxc6 bxc6 7. Bg5 O-O
8. e3 h6 9. Bh4 g5 10. Bg3 Ne4 11. Qc2 Qf6 12. Bd3 Nxc3 13. O-O d6 14. a3 Bc5
15. Rfc1 a5 16. bxc3 Bd7 17. Rcb1 Rab8 18. a4 Rb6 19. Rxb6 cxb6 20. Rd1 h5 21.
h3 h4 22. Bh2 g4 23. hxg4 Bxg4 24. Rd2 h3 25. Be4 Rc8 26. Bf4 hxg2 27. Qd3 Be6
28. Bxg2 Qg7 29. e4 Qg4 30. Bxd6 Rd8 31. e5 f6 32. Qe2 Qxe2 33. Rxe2 Bxd6 34.
exd6 Rxd6 35. Rb2 c5 36. Bd5 Kf7 37. Rd2 Kg7 38. Kg2 Kh6 39. Kf3 Kg5 40. Ke4
Bf5+ 41. Ke3 Bd7 42. f4+ Kh6 43. Rh2+ Kg7 44. Rg2+ Kf8 45. Rg8+ Ke7 46. Rg7+
Kd8 47. Rg8+ Kc7 48. Rg7 f5 49. Rh7 Rg6 50. Kd3 Kd6 51. Kd2 Rf6 52. Kc1 Bxa4
53. Rb7 Bd7 54. Rxb6+ 1/2-1/2